00294nam a22000977a 4500008004100000082001900041100001600060245009100076260002100167300000800188230704b xxu||||| |||| 00| 0 eng d a341.73bUNESCO cDavid Adams aThe Seville Statement on Violencebprepairing the Ground for the Constructing of Peace bUNESCOcNov 1989 a47p